[Event "39th WCh U20 Girls"]
[Site "Mexico City MEX"]
[Date "2023.09.26"]
[Round "6.6"]
[White "Sosovickova, Jana"]
[Black "Ciolacu, Alessia-Mihaela"]
[Result "1/2-1/2"]
[WhiteElo "2045"]
[BlackElo "2199"]
[EventDate "2023.09.21"]
[PlyCount "133"]

1.d4 Nf6 2.Nf3 e6 3.Bf4 b6 4.e3 Bb7 5.h3 g6 6.Nbd2 Bg7 7.c3 d6 8.Bc4 Nbd7 
9.O-O Qe7 10.Bh2 O-O 11.Re1 e5 12.e4 Nh5 13.a4 a6 14.Qc2 Nf4 15.Bxf4 exf4 
16.Rad1 Rfe8 17.Ba2 Nf8 18.b4 c5 19.Qb3 Bc6 20.Nc4 b5 21.axb5 axb5 22.Nxd6
c4 23.Nxc4 bxc4 24.Qxc4 Rec8 25.Qe2 g5 26.Bb1 Ba4 27.Rc1 Bb3 28.e5 Ra7 29.
Bf5 Be6 30.Bxe6 fxe6 31.Qb2 Rac7 32.Nd2 Nd7 33.Ne4 Nb6 34.Nc5 f3 35.g3 h5 
36.Re4 Qf7 37.Rce1 Bf8 38.Qd2 Qf5 39.g4 hxg4 40.Rxg4 Bxc5 41.Qxg5+ Qxg5 
42.Rxg5+ Rg7 43.Rxg7+ Kxg7 44.bxc5 Nd5 45.c4 Nf4 46.Kh2 Ne2 47.Rd1 Rh8 48.
Rd3 Rc8 49.d5 exd5 50.cxd5 Rxc5 51.Rxf3 Rxd5 52.Re3 Nf4 53.Kg3 Ng6 54.f4 
Kf7 55.Re4 Rd1 56.f5 Nxe5 57.Rxe5 Kf6 58.Ra5 Rf1 59.Kg4 Rg1+ 60.Kh5 Rg5+ 
61.Kh6 Rxf5 62.Ra6+ Kf7 63.h4 Rf6+ 64.Rxf6+ Kxf6 65.Kh7 Kf7 66.h5 Kf8 67.
h6 1/2-1/2

[Event "39th WCh U20 Girls"]
[Site "Mexico City MEX"]
[Date "2023.09.26"]
[Round "6.7"]
[White "Walter, Ema"]
[Black "Kanyamarala, Trisha"]
[Result "0-1"]
[WhiteElo "2063"]
[BlackElo "2184"]
[EventDate "2023.09.21"]
[PlyCount "150"]

1.e4 c5 2.Nf3 d6 3.d4 cxd4 4.Qxd4 Nc6 5.Bb5 a6 6.Bxc6+ bxc6 7.c4 e5 8.Qd3 
Nf6 9.Nc3 Nd7 10.Be3 a5 11.O-O Be7 12.Rfd1 Ba6 13.Na4 O-O 14.Qc2 c5 15.b3 
Qb8 16.Nc3 Nb6 17.a4 Bc8 18.Nd2 f5 19.f3 Ra6 20.exf5 Bxf5 21.Nde4 Qe8 22.
Qd2 Nc8 23.Bg5 Bxg5 24.Qxg5 h6 25.Qe3 Qg6 26.Rd2 Rb6 27.Rb1 Ne7 28.Rbb2 
Bc8 29.Ng3 Nc6 30.Nd5 Rb7 31.Qe4 Qe8 32.Nc3 Nd4 33.Nb5 Qe6 34.Qd3 Qe7 35.
Ne4 Rd7 36.Qc3 Qd8 37.Rf2 Bb7 38.Qe3 Bc6 39.Nec3 Rdf7 40.Ne4 Rd7 41.Nec3 
Qf6 42.Ne4 Qg6 43.Kh1 Rf4 44.Nbc3 Rb7 45.Ne2 Rf8 46.Nxd4 exd4 47.Qd3 Re7 
48.Kg1 Bxe4 49.fxe4 Rxf2 50.Rxf2 Qxe4 51.Qxe4 Rxe4 52.Rf3 Re2 53.Kf1 Rc2 
54.h3 Kh7 55.g3 Kg6 56.Ke1 Rb2 57.Kd1 Rh2 58.h4 Rg2 59.Ke1 Kh5 60.Rf5+ Kg4
61.Rf7 Rxg3 62.Rxg7+ Kf3 63.Re7 Rg2 64.Re6 h5 65.Rxd6 Ke3 66.Re6+ Kd3 67.
Re5 Kc3 68.Rxc5 d3 69.Rd5 Rh2 70.c5 d2+ 71.Kd1 Rh1+ 72.Ke2 Re1+ 73.Kf3 
d1=Q+ 74.Rxd1 Rxd1 75.c6 Rd6 0-1

[Event "39th WCh U20 Girls"]
[Site "Mexico City MEX"]
[Date "2023.09.26"]
[Round "6.8"]
[White "Getman, Tatyana"]
[Black "Demchenko, Svitlana"]
[Result "1/2-1/2"]
[WhiteElo "2172"]
[BlackElo "2169"]
[EventDate "2023.09.21"]
[PlyCount "81"]

1.d4 f5 2.Bg5 h6 3.Bh4 g5 4.e3 Nf6 5.Bg3 d6 6.h4 g4 7.Bc4 Nh5 8.Ne2 Bg7 9.
Nbc3 Nc6 10.Nf4 Nxf4 11.Bxf4 e5 12.dxe5 Nxe5 13.Bb3 c6 14.Qd2 d5 15.O-O-O 
Be6 16.e4 fxe4 17.Nxe4 Qe7 18.Nc3 O-O-O 19.Qe3 Ng6 20.Bg3 b6 21.h5 Nf8 22.
Ne2 Bf6 23.Rhe1 Bf5 24.Qxe7 Bxe7 25.Be5 Rh7 26.Ng3 Bg5+ 27.Kb1 Be6 28.c3 
Rf7 29.Re2 Bf4 30.Bxf4 Rxf4 31.Rde1 Bd7 32.Bc2 Rf6 33.Rd2 Ne6 34.Bf5 Nf4 
35.Bxd7+ Rxd7 36.Re8+ Kc7 37.Rg8 Nxg2 38.Rxg4 Rdf7 39.Ne4 dxe4 40.Rxg2 Rf5
41.Re2 1/2-1/2

[Event "39th WCh U20 Girls"]
[Site "Mexico City MEX"]
[Date "2023.09.26"]
[Round "6.9"]
[White "Tomasi, Elise"]
[Black "Obregon Garcia, Roxangel"]
[Result "0-1"]
[WhiteElo "2021"]
[BlackElo "2171"]
[EventDate "2023.09.21"]
[PlyCount "50"]

1.Nf3 d5 2.g3 Nf6 3.Bg2 e6 4.O-O Be7 5.d4 O-O 6.c4 c6 7.Qc2 b6 8.Nbd2 Bb7 
9.e4 Na6 10.a3 c5 11.exd5 exd5 12.dxc5 Nxc5 13.b4 Ne6 14.cxd5 Rc8 15.Qa4 
Nxd5 16.Bb2 Bf6 17.Bxf6 Qxf6 18.Ne4 Qe7 19.Rfe1 Nc3 20.Nxc3 Rxc3 21.Nd4 
Bxg2 22.Nxe6 Ba8 23.Nc5 Qf6 24.Ne4 Qf3 25.b5 f5 0-1

[Event "39th WCh U20 Girls"]
[Site "Mexico City MEX"]
[Date "2023.09.26"]
[Round "6.10"]
[White "Hernandez Gil, Ineymig"]
[Black "Bommini, Mounika Akshaya"]
[Result "0-1"]
[WhiteElo "2170"]
[BlackElo "2096"]
[EventDate "2023.09.21"]
[PlyCount "62"]

1.d4 d5 2.Nc3 Nf6 3.Bf4 a6 4.e3 e6 5.Nf3 c5 6.Be2 Nc6 7.O-O cxd4 8.exd4 
Bd6 9.Bxd6 Qxd6 10.Re1 O-O 11.Bd3 b5 12.Ne2 Ne4 13.c3 f5 14.a4 b4 15.c4 
Bd7 16.c5 Qe7 17.Rf1 Be8 18.Ne1 e5 19.Nc2 Bh5 20.f3 exd4 21.Bxe4 fxe4 22.
Ncxd4 exf3 23.gxf3 Nxd4 24.Nxd4 Qe3+ 25.Kg2 Rf4 26.Nb3 Raf8 27.Qxd5+ Bf7 
28.Qd2 Qe5 29.Na5 Bd5 30.Rad1 Rg4+ 31.Kh1 Rxf3 0-1

[Event "39th WCh U20 Girls"]
[Site "Mexico City MEX"]
[Date "2023.09.26"]
[Round "6.11"]
[White "Ter-Avetisjana, Agnesa Stepania"]
[Black "Mikheeva, Galina"]
[Result "1-0"]
[WhiteElo "2080"]
[BlackElo "1969"]
[EventDate "2023.09.21"]
[PlyCount "163"]

1.e4 e5 2.Nf3 Nc6 3.Bb5 Nf6 4.O-O Nxe4 5.d4 Nd6 6.dxe5 Nxb5 7.a4 d6 8.e6 
fxe6 9.axb5 Nb4 10.Ng5 Be7 11.Qh5+ g6 12.Qh6 Bf8 13.Qh3 Qf6 14.Ra4 Nd5 15.
Re4 e5 16.Qb3 h6 17.Qxd5 hxg5 18.Nc3 Be7 19.Ra4 Qf7 20.Be3 Bd8 21.Rfa1 
Qxd5 22.Nxd5 Bd7 23.Rxa7 Rxa7 24.Rxa7 Be6 25.Nb4 Bc8 26.c4 g4 27.Nd5 c6 
28.bxc6 bxc6 29.Nb4 Bd7 30.Ra6 Be6 31.c5 dxc5 32.Nxc6 Bf5 33.Nxe5 O-O 34.
Bxc5 Re8 35.f4 gxf3 36.Nxf3 Kf7 37.Ra7+ Ke6 38.Bd4 Be7 39.Ra6+ Kd5 40.Ra5+
Ke6 41.Re5+ Kf7 42.Bc5 Bxc5+ 43.Rxc5 Rb8 44.Nd4 Bb1 45.b3 Kf6 46.Kf2 Ra8 
47.b4 Be4 48.Nf3 Ra2+ 49.Kg3 Rb2 50.b5 Bb7 51.h4 Rb4 52.Ne5 Rb3+ 53.Kh2 
Rb4 54.Kh3 Rb3+ 55.g3 Rb2 56.Nd3 Rb1 57.Nf4 Bf3 58.g4 Be4 59.Nd5+ Ke6 60.
Nc3 Rb3 61.Kh2 Bf3 62.Kg3 Kd6 63.Rc8 Kd7 64.Rc5 Kd6 65.Rc8 Kd7 66.Rc4 Be2 
67.Rd4+ Kc7 68.Kf2 Bxb5 69.Nxb5+ Rxb5 70.Kf3 g5 71.hxg5 Rxg5 72.Kf4 Ra5 
73.g5 Ra1 74.Kf5 Rf1+ 75.Kg6 Kc6 76.Kg7 Kc7 77.g6 Kc6 78.Kg8 Kc5 79.Rg4 
Kd6 80.g7 Ke7 81.Kh7 Kf6 82.Rg6+ 1-0

[Event "39th WCh U20 Girls"]
[Site "Mexico City MEX"]
[Date "2023.09.26"]
[Round "6.12"]
[White "Ivan, Reka Gyongyver"]
[Black "Vanduyfhuys, Daria"]
[Result "0-1"]
[WhiteElo "1857"]
[BlackElo "2088"]
[EventDate "2023.09.21"]
[PlyCount "82"]

1.d4 Nf6 2.Bf4 e6 3.e3 d5 4.Nd2 c5 5.c3 Nc6 6.Ngf3 Bd6 7.Bg3 O-O 8.Bd3 b6 
9.Qe2 Bb7 10.Rd1 Qe7 11.Ne5 Nd7 12.f4 f5 13.O-O Nf6 14.Bh4 Qe8 15.Rf3 Ne4 
16.Rh3 a5 17.Ndf3 Nxe5 18.dxe5 Bc7 19.Qe1 Ba6 20.Bc2 h6 21.Nd2 Qb5 22.Nxe4
fxe4 23.b3 Qe2 24.Qxe2 Bxe2 25.Rd2 Bg4 26.Rg3 Bf5 27.c4 Bd8 28.Bf6 Bxf6 
29.exf6 Rxf6 30.cxd5 Rd8 31.d6 Rf7 32.Bd1 Rfd7 33.Bg4 Rxd6 34.Rxd6 Rxd6 
35.Kf1 Kf7 36.Ke2 b5 37.Bxf5 exf5 38.h4 c4 39.bxc4 bxc4 40.Rh3 c3 41.Rh1 
Rd2+ 0-1

[Event "39th WCh U20 Girls"]
[Site "Mexico City MEX"]
[Date "2023.09.26"]
[Round "6.13"]
[White "Milner, Romi"]
[Black "Djidjeli, Sarah"]
[Result "0-1"]
[WhiteElo "1856"]
[BlackElo "2058"]
[EventDate "2023.09.21"]
[PlyCount "30"]

1.d4 d5 2.Nf3 Nf6 3.Bf4 c5 4.e3 Nc6 5.Nbd2 Nh5 6.Bg5 f6 7.Bh4 cxd4 8.exd4 
g6 9.c3 Bg7 10.Bd3 Nf4 11.Bf1 Qd6 12.Rg1 Bf5 13.Be2 Qe6 14.Kf1 Bc2 15.Qe1 
Nd3 0-1

[Event "39th WCh U20 Girls"]
[Site "Mexico City MEX"]
[Date "2023.09.26"]
[Round "6.14"]
[White "Sultanbek, Zeinep"]
[Black "Mukul Aldana, Daniela Maria"]
[Result "1-0"]
[WhiteElo "2022"]
[BlackElo "1798"]
[EventDate "2023.09.21"]
[PlyCount "69"]

1.d4 d5 2.g3 Nf6 3.Bg2 Bf5 4.Nf3 c6 5.c4 h6 6.Nc3 e6 7.Qb3 Qb6 8.c5 Qxb3 
9.axb3 Na6 10.O-O Be7 11.Bf4 O-O 12.Ra3 Nb8 13.b4 a6 14.b5 cxb5 15.Nxb5 
Nc6 16.Nd6 Bxd6 17.Bxd6 Rfd8 18.Rd1 Ne8 19.Bf4 Rd7 20.Ne5 Nxe5 21.Bxe5 g5 
22.h3 f6 23.g4 Bg6 24.Bg3 Nc7 25.Bxc7 Rxc7 26.b4 Rd8 27.Rd2 Be8 28.e3 Bc6 
29.Bf1 Re8 30.Rb3 e5 31.Kh2 exd4 32.Rxd4 Rce7 33.Bg2 Rd7 34.Rbd3 Re5 35.
Rd2 1-0

[Event "39th WCh U20 Girls"]
[Site "Mexico City MEX"]
[Date "2023.09.26"]
[Round "6.15"]
[White "Hernandez Diaz, Paula Sofia"]
[Black "Diaz Charpentier, Kristel Meliss"]
[Result "1-0"]
[WhiteElo "1796"]
[BlackElo "1951"]
[EventDate "2023.09.21"]
[PlyCount "97"]

1.c4 c5 2.Nc3 Nc6 3.g3 g6 4.Bg2 Bg7 5.d3 e6 6.Nf3 Nge7 7.h4 h5 8.O-O O-O 
9.Bg5 d5 10.cxd5 exd5 11.Rc1 Re8 12.Qd2 b6 13.Rfd1 Be6 14.a3 Qd7 15.Bf4 
Nf5 16.Rb1 Nd6 17.Ng5 d4 18.Nce4 Nxe4 19.Nxe4 Bg4 20.Re1 Re6 21.b4 cxb4 
22.axb4 Rae8 23.f3 Bf5 24.Ng5 R6e7 25.Rbc1 f6 26.Ne4 Bxe4 27.dxe4 a5 28.
bxa5 Nxa5 29.Qb4 Qe6 30.Kh2 f5 31.Rb1 fxe4 32.fxe4 Nc4 33.Rec1 b5 34.Qc5 
Ne5 35.Rxb5 Qg4 36.Re1 d3 37.exd3 Kh7 38.Qe3 Qd7 39.Rxe5 Bxe5 40.Bxe5 Rxe5
41.d4 Rb5 42.e5 Rb2 43.Kh1 Rf8 44.e6 Qb5 45.e7 Re8 46.Qe6 Rf2 47.Be4 Rf1+ 
48.Kg2 Rxe1 49.Qxg6+ 1-0

[Event "39th WCh U20 Girls"]
[Site "Mexico City MEX"]
[Date "2023.09.26"]
[Round "6.16"]
[White "Hernandez Ortega, Carolina"]
[Black "Skaslien, Ingrid"]
[Result "0-1"]
[WhiteElo "1729"]
[BlackElo "1919"]
[EventDate "2023.09.21"]
[PlyCount "119"]

1.e4 c5 2.Nf3 e6 3.d4 cxd4 4.Nxd4 a6 5.Bd3 Nf6 6.Qe2 d6 7.O-O Nbd7 8.c4 
Ne5 9.Bc2 Qc7 10.b3 b6 11.Nd2 Bb7 12.Bb2 Be7 13.f4 Nc6 14.N2f3 O-O 15.e5 
Nxd4 16.Nxd4 Nd7 17.Qh5 g6 18.exd6 Qxd6 19.Qh6 Bf6 20.Rad1 Rfd8 21.Kh1 Qf8
22.Qh3 Qg7 23.Qe3 Rac8 24.Bc3 Nc5 25.Ne2 Bc6 26.Bxf6 Qxf6 27.b4 Qb2 28.Qc3
Na4 29.Qb3 Qf6 30.b5 axb5 31.cxb5 Nc5 32.Qb4 Bb7 33.Ng3 Rd5 34.Rxd5 Bxd5 
35.a4 Qd8 36.Re1 Qc7 37.Nf1 Qb7 38.Ne3 Be4 39.Bxe4 Qxe4 40.Qxe4 Nxe4 41.h3
Nf2+ 42.Kh2 Nd3 43.Rf1 Rc3 44.Rf3 Nxf4 45.Rxf4 Rxe3 46.Rf3 Re4 47.Ra3 Kg7 
48.Kg3 Kf6 49.Kf3 Rb4 50.a5 bxa5 51.Rxa5 h5 52.g3 g5 53.Ke3 h4 54.gxh4 
Rxh4 55.Ra2 Rxh3+ 56.Kd4 Rb3 57.Kc4 Rb1 58.Kc5 g4 59.b6 g3 60.Rg2 0-1

[Event "39th WCh U20 Girls"]
[Site "Mexico City MEX"]
[Date "2023.09.26"]
[Round "6.17"]
[White "Montano Vicente, Guadalupe"]
[Black "Castellanos Hernandez, Lhia Itzayana"]
[Result "0-1"]
[WhiteElo "1727"]
[BlackElo "1890"]
[EventDate "2023.09.21"]
[PlyCount "126"]

1.d4 d5 2.c4 e6 3.Nf3 c6 4.Qc2 Nf6 5.cxd5 exd5 6.Bg5 h6 7.Bf4 Bd6 8.Bxd6 
Qxd6 9.Nc3 O-O 10.e3 Bg4 11.Ne5 Bh5 12.Bd3 Nbd7 13.Nxd7 Nxd7 14.O-O Bg6 
15.Bxg6 fxg6 16.Qb3 Kh7 17.Qxb7 Rab8 18.Qa6 Rxb2 19.Qxa7 Rc2 20.Qa5 Nf6 
21.h3 Nh5 22.Nd1 Ng3 23.Re1 Ne4 24.f4 g5 25.Qa4 Rc4 26.Qb3 gxf4 27.exf4 
Qxf4 28.Qe3 Qxe3+ 29.Rxe3 Rxd4 30.a4 Ra8 31.a5 Ra6 32.Nc3 Nxc3 33.Rxc3 Rb4
34.Rc5 d4 35.Rd1 Ra4 36.Kf2 Kg6 37.Kf3 Kf6 38.Ke4 d3+ 39.Kxd3 R4xa5 40.
Rdc1 Rxc5 41.Rxc5 Ke6 42.Ke4 g6 43.Re5+ Kd7 44.g3 Ra8 45.Kf4 Rf8+ 46.Kg4 
Kd6 47.Re1 c5 48.Rd1+ Ke5 49.Re1+ Kd4 50.Rd1+ Ke3 51.Rd6 Rg8 52.Rc6 Kd4 
53.Rc7 c4 54.Rd7+ Ke3 55.Rc7 Kd3 56.Rd7+ Kc2 57.Rc7 c3 58.Kf3 Kb2 59.Rb7+ 
Kc1 60.Rc7 c2 61.Rb7 Rc8 62.Rb6 Kd1 63.Rd6+ Ke1 0-1

[Event "39th WCh U20 Girls"]
[Site "Mexico City MEX"]
[Date "2023.09.26"]
[Round "6.18"]
[White "Velarde Hernandez, Paulina Yunuen"]
[Black "Lopez Rayo, Isabella"]
[Result "1/2-1/2"]
[WhiteElo "1557"]
[BlackElo "1876"]
[EventDate "2023.09.21"]
[PlyCount "119"]

1.d4 Nf6 2.Nf3 c5 3.c4 cxd4 4.Nxd4 Nc6 5.g3 g6 6.Bg2 Bg7 7.O-O O-O 8.Nc3 
a6 9.e3 e6 10.b3 Qa5 11.Bb2 d5 12.cxd5 exd5 13.Nxc6 bxc6 14.Na4 Bg4 15.Qd4
Be2 16.Rfc1 Bb5 17.Qh4 Qd8 18.Nc5 a5 19.a4 Ba6 20.Bd4 Re8 21.Nxa6 Rxa6 22.
Bf1 Re4 23.Qh3 Ra8 24.Rxc6 Rxd4 25.exd4 h5 26.Rac1 Kh7 27.Rc7 Qe8 28.Bb5 
Qf8 29.Qh4 Ne4 30.Qe7 Kg8 31.Qxf8+ Rxf8 32.Rd1 Rd8 33.f3 Ng5 34.Kg2 Ne6 
35.Re7 Kf8 36.Rd7 Rc8 37.Rxd5 Rc2+ 38.Kg1 Bf6 39.f4 h4 40.Bd7 Ng7 41.Rc5 
Bxd4+ 42.Rxd4 Rxc5 43.Rd3 Nh5 44.Bb5 Nf6 45.Re3 Rc2 46.Bc4 h3 47.g4 Rg2+ 
48.Kh1 Rxg4 49.Rxh3 Rxf4 50.Rh8+ Kg7 51.Ra8 Rf5 52.Ra7 Ng4 53.Be6 Rf1+ 54.
Kg2 Ne3+ 55.Kg3 Kf8 56.Bc4 Nxc4 57.bxc4 Rc1 58.Rxa5 Rxc4 59.h4 Kg7 60.Ra7 
1/2-1/2

[Event "39th WCh U20 Girls"]
[Site "Mexico City MEX"]
[Date "2023.09.26"]
[Round "6.19"]
[White "Mogollon Tobar, Nicolle Julieth"]
[Black "Viana, Valeria"]
[Result "1/2-1/2"]
[WhiteElo "1943"]
[BlackElo "1620"]
[EventDate "2023.09.21"]
[PlyCount "185"]

1.e4 c6 2.d4 d5 3.Nc3 dxe4 4.Nxe4 Bf5 5.Ng3 Bg6 6.Nh3 Nd7 7.Nf4 e5 8.dxe5 
Nxe5 9.Qe2 Qe7 10.Be3 O-O-O 11.a3 Qc7 12.Nxg6 hxg6 13.f4 Nd7 14.O-O-O Bc5 
15.Bxc5 Nxc5 16.Rxd8+ Kxd8 17.Qe3 Ne6 18.Qxa7 Qxf4+ 19.Kb1 Kc8 20.Bd3 Nf6 
21.Rf1 Qc7 22.Qa8+ Qb8 23.Qxb8+ Kxb8 24.h3 Rh4 25.b3 b5 26.Re1 Nf4 27.Re7 
Nxd3 28.cxd3 Rd4 29.Kc2 Rf4 30.Re2 Nd5 31.Ne4 Kc8 32.b4 Kd7 33.Nc5+ Kd6 
34.Kb3 Rf1 35.Ne4+ Kd7 36.Nc5+ Kc8 37.Re8+ Kc7 38.Re2 Rf5 39.Kc2 g5 40.Kb3
Rf4 41.Ne4 g4 42.h4 Kd7 43.Nc5+ Kd8 44.Ne4 g6 45.Rc2 Kc7 46.Re2 f5 47.Nc5 
Rf1 48.Re6 Rh1 49.Rxg6 Rxh4 50.Ne6+ Kd7 51.Nd4 Ne7 52.Rg7 Rh5 53.Nxc6 Kxc6
54.Rxe7 Kd6 55.Re2 Rh8 56.Kc3 Kd5 57.d4 Rc8+ 58.Kd3 Ra8 59.Re5+ Kc6 60.
Rxf5 Rxa3+ 61.Ke4 Rb3 62.Rf6+ Kd7 63.Kd5 Rxb4 64.Rf7+ Ke8 65.Rg7 Rb2 66.
Rxg4 Ke7 67.Rg7+ Kf6 68.Rb7 Rxg2 69.Rxb5 Ke7 70.Kc6 Rc2+ 71.Rc5 Rd2 72.d5 
Rh2 73.Kc7 Rd2 74.Kc6 Rh2 75.Rc3 Kd8 76.Ra3 Rc2+ 77.Kd6 Kc8 78.Rg3 Re2 79.
Rg8+ Kb7 80.Kd7 Rh2 81.Re8 Rh7+ 82.Re7 Rh5 83.d6 Rh6 84.Rg7 Kb6 85.Rg8 Kc5
86.Rg5+ Kb6 87.Re5 Rg6 88.Rd5 Rh6 89.Rd2 Rh7+ 90.Ke8 Kc6 91.d7 Rh8+ 92.Ke7
Rh7+ 93.Ke6 1/2-1/2

[Event "39th WCh U20 Girls"]
[Site "Mexico City MEX"]
[Date "2023.09.26"]
[Round "6.20"]
[White "Destic, Elena"]
[Black "Duque, Raquel dos Santos"]
[Result "1-0"]
[WhiteElo "1904"]
[BlackElo "1728"]
[EventDate "2023.09.21"]
[PlyCount "91"]

1.e4 e5 2.Nf3 Nf6 3.Nxe5 d6 4.Nf3 Nxe4 5.Nc3 Nxc3 6.dxc3 Be7 7.Be3 Nc6 8.
Qd2 Be6 9.O-O-O Qd7 10.Kb1 Bf6 11.h3 O-O-O 12.Nd4 Nxd4 13.Bxd4 Kb8 14.Bxf6
gxf6 15.Be2 Bf5 16.Bf3 Rhe8 17.Qd4 Re5 18.Bg4 Qe6 19.Bxf5 Qxf5 20.g4 Qf3 
21.Qd3 Qe4 22.b3 f5 23.g5 Qf4 24.h4 Rde8 25.Qg3 Qe4 26.f4 Qe3 27.Qxe3 Rxe3
28.Rd5 Rxc3 29.Kb2 Rc5 30.Rxc5 dxc5 31.Rd1 Kc8 32.Rd5 b6 33.Rxf5 Re7 34.
Rf6 Kd7 35.Rh6 f5 36.Rf6 Re4 37.Rxf5 Ke6 38.Rf6+ Ke7 39.Kc3 b5 40.h5 a5 
41.Kd3 Rd4+ 42.Ke3 a4 43.Rh6 axb3 44.axb3 Rb4 45.Rxh7+ Kf8 46.Rxc7 1-0

[Event "39th WCh U20 Girls"]
[Site "Mexico City MEX"]
[Date "2023.09.26"]
[Round "6.21"]
[White "Garcia Hernandez, Rebeca"]
[Black "Moracchini, Margaux"]
[Result "1/2-1/2"]
[WhiteElo "1671"]
[BlackElo "1897"]
[EventDate "2023.09.21"]
[PlyCount "145"]

1.d4 Nf6 2.c4 g6 3.Nf3 Bg7 4.g3 O-O 5.Bg2 d6 6.O-O Nbd7 7.Nc3 e5 8.b3 Re8 
9.h3 exd4 10.Nxd4 Nc5 11.Bb2 Nfe4 12.Nxe4 Nxe4 13.Qc2 Qe7 14.Rad1 Bd7 15.
e3 a6 16.Kh2 Rab8 17.Ne2 Bf5 18.Qc1 Bxb2 19.Qxb2 Nc5 20.Nf4 c6 21.b4 Ne6 
22.Ne2 Nc7 23.Qd4 Rbd8 24.Qb6 Na8 25.Qa7 Qc7 26.Qd4 Qb6 27.Qc3 Qa7 28.Qf6 
Qb8 29.Nf4 Be6 30.Nxe6 Rxe6 31.Qd4 Nc7 32.e4 Ree8 33.Qf6 Ne6 34.h4 Ng7 35.
Bf3 Re6 36.Qg5 Re5 37.Qf6 Ne8 38.Qf4 Ng7 39.c5 Ne6 40.Qf6 dxc5 41.Rxd8+ 
Nxd8 42.Rd1 Re8 43.h5 Qc7 44.bxc5 Ne6 45.h6 Rd8 46.Ra1 Rd2 47.Kg2 Qd8 48.
Qe5 Qd4 49.Qb8+ Nd8 50.Rf1 Qxc5 51.a4 Qd6 52.Qc8 Qd7 53.Qa8 c5 54.e5 c4 
55.e6 fxe6 56.Bg4 Qc6+ 57.Bf3 Qc7 58.Re1 Kf7 59.Qa7 Rd3 60.Re4 e5 61.Be2 
Rc3 62.Kh2 Ne6 63.a5 Nd4 64.Rxd4 exd4 65.Qxd4 Qxa5 66.Qd7+ Kf6 67.Qg7+ Ke6
68.Bg4+ Kd6 69.Qf6+ Kc5 70.Qe7+ Kb6 71.Qd6+ Ka7 72.Qd4+ Qb6 73.Qxc3 
1/2-1/2

[Event "39th WCh U20 Girls"]
[Site "Mexico City MEX"]
[Date "2023.09.26"]
[Round "6.22"]
[White "Yedigarian, Asya"]
[Black "Castillo Beitia, Ashley Alexandra"]
[Result "1-0"]
[WhiteElo "1786"]
[BlackElo "1870"]
[EventDate "2023.09.21"]
[PlyCount "95"]

1.e4 c5 2.Nf3 d6 3.d4 cxd4 4.Nxd4 Nf6 5.Nc3 g6 6.f3 Bg7 7.Be3 Nc6 8.Qd2 
O-O 9.O-O-O d5 10.exd5 Nxd5 11.Nxc6 bxc6 12.Bd4 e5 13.Bc5 Re8 14.Ne4 Qc7 
15.h4 f5 16.Nd6 Rd8 17.Nxc8 Raxc8 18.h5 Nb6 19.Bxb6 Rxd2 20.Bc4+ Kf8 21.
Bxc7 Rxd1+ 22.Rxd1 Bh6+ 23.Kb1 Rxc7 24.hxg6 hxg6 25.Rd6 Kg7 26.Re6 Bf4 27.
a4 a5 28.Ka2 Rd7 29.b4 axb4 30.Kb3 Rd2 31.a5 Rxg2 32.a6 Be3 33.Rxe5 Bd4 
34.Re7+ Kf6 35.Rd7 Be3 36.a7 Bxa7 37.f4 g5 38.fxg5+ Rxg5 39.Rxa7 c5 40.Bd3
f4 41.Kc4 Ke6 42.Ra6+ Ke7 43.Rc6 f3 44.Rxc5 Rg4+ 45.Kb3 Rf4 46.Rf5 Rxf5 
47.Bxf5 f2 48.Bd3 1-0

[Event "39th WCh U20 Girls"]
[Site "Mexico City MEX"]
[Date "2023.09.26"]
[Round "6.23"]
[White "Saravanan, Durga"]
[Black "Brito Carrascal, Isabela"]
[Result "1-0"]
[WhiteElo "1757"]
[BlackElo "1708"]
[EventDate "2023.09.21"]
[PlyCount "73"]

1.d4 Nf6 2.c4 e6 3.Nc3 Bb4 4.e3 b6 5.Bd3 Bb7 6.Nf3 Bxc3+ 7.bxc3 Ne4 8.Qc2 
f5 9.O-O O-O 10.a4 a5 11.Ne1 Qh4 12.f3 Nf6 13.g3 Qh5 14.Rb1 d6 15.c5 dxc5 
16.dxc5 Nbd7 17.Ba3 Rfb8 18.cxb6 Nxb6 19.Bc5 Nbd7 20.Ba3 Ne5 21.Be2 Bc6 
22.Rxb8+ Rxb8 23.c4 Qe8 24.Bd1 Nfd7 25.Qc3 Nf7 26.Qxa5 Nb6 27.Qc3 Bxa4 28.
Bb2 e5 29.Be2 Bc6 30.Qc1 Na4 31.Ba3 Kh8 32.Bd1 Nd6 33.c5 Nc8 34.Qc2 Ne7 
35.Nd3 Nd5 36.Re1 Ra8 37.e4 1-0

[Event "39th WCh U20 Girls"]
[Site "Mexico City MEX"]
[Date "2023.09.26"]
[Round "6.24"]
[White "Maione, Melissa"]
[Black "Amulya, Guruprasad"]
[Result "1-0"]
[WhiteElo "1931"]
[BlackElo "1633"]
[EventDate "2023.09.21"]
[PlyCount "89"]

1.e4 c5 2.Nf3 g6 3.c4 Bg7 4.d4 cxd4 5.Nxd4 Qb6 6.Nb3 Qc7 7.Be2 d6 8.O-O 
Nc6 9.Nc3 Bxc3 10.bxc3 Nf6 11.Qc2 Ne5 12.Nd2 O-O 13.Rb1 Be6 14.Ba3 b6 15.
c5 dxc5 16.f4 Neg4 17.Rf3 Rad8 18.h3 Nh6 19.c4 Nh5 20.f5 Nf4 21.Nf1 gxf5 
22.Bc1 Nxe2+ 23.Qxe2 fxe4 24.Rg3+ Kh8 25.Bxh6 Rg8 26.Rbb3 Qe5 27.Kh1 Rg6 
28.Rxg6 hxg6 29.Bc1 Kg8 30.Re3 f5 31.Bb2 Qd6 32.Rg3 Kf7 33.Re3 Qd1 34.Qf2 
Bxc4 35.Re1 Qh5 36.Ng3 Qh6 37.Nxf5 gxf5 38.Qxf5+ Kg8 39.Rxe4 Rd6 40.Rg4+ 
Rg6 41.Rxg6+ Qxg6 42.Qxg6+ Kf8 43.Bg7+ Kg8 44.Bh6+ Kh8 45.Qg7# 1-0

[Event "39th WCh U20 Girls"]
[Site "Mexico City MEX"]
[Date "2023.09.26"]
[Round "6.25"]
[White "Stephenson, Amy"]
[Black "Hernandez Bermudez, Manuela"]
[Result "0-1"]
[WhiteElo "1570"]
[BlackElo "1905"]
[EventDate "2023.09.21"]
[PlyCount "76"]

1.e4 c5 2.Nf3 d6 3.Bb5+ Nd7 4.O-O a6 5.Bd3 Ngf6 6.c3 b5 7.Bc2 c4 8.Re1 Bb7
9.a4 Nc5 10.axb5 axb5 11.Rxa8 Bxa8 12.e5 dxe5 13.Rxe5 e6 14.b4 cxb3 15.
Bxb3 Bd6 16.Rg5 O-O 17.d4 Nxb3 18.Qxb3 Bd5 19.Rxd5 exd5 20.Qxb5 Qb8 21.Qd3
Qb3 22.Bg5 Ne4 23.g3 Rc8 24.Nfd2 Qd1+ 25.Kg2 Nxg5 26.Qf5 Ne6 27.Qxd5 Bf4 
28.Qa2 Bxd2 29.Nxd2 Rxc3 30.h3 Rd3 31.Nf1 Qf3+ 32.Kg1 Rxd4 33.Ne3 Rd3 34.
Qc2 Rxe3 35.fxe3 Qxg3+ 36.Kf1 Qxh3+ 37.Ke2 Qg2+ 38.Kd3 Qxc2+ 0-1

[Event "39th WCh U20 Girls"]
[Site "Mexico City MEX"]
[Date "2023.09.27"]
[Round "7.1"]
[White "Yip, Carissa"]
[Black "Hryzlova, Sofiia"]
[Result "1-0"]
[WhiteElo "2372"]
[BlackElo "2228"]
[EventDate "2023.09.21"]
[PlyCount "97"]

1.e4 e6 2.d4 d5 3.Nd2 c5 4.exd5 Qxd5 5.Ngf3 cxd4 6.Bc4 Qd6 7.O-O Nf6 8.Re1
Nc6 9.Nb3 Be7 10.Nbxd4 Nxd4 11.Nxd4 O-O 12.Bd3 a6 13.Nf3 Rd8 14.Ne5 Bd7 
15.Qf3 Bc6 16.Nxc6 bxc6 17.Bf4 Qd5 18.Qe2 a5 19.Be5 Nd7 20.Bc7 Rdc8 21.Be4
Qc5 22.Bg3 Nf6 23.Bf3 Bd6 24.Bxd6 Qxd6 25.Rad1 Qc5 26.Qe5 Qxc2 27.Rc1 Qa4 
28.a3 h6 29.h3 Nd5 30.Re4 Qb3 31.Rg4 g6 32.Be4 Ne7 33.Rg3 Qb8 34.Qf6 Qd6 
35.Rcc3 Rc7 36.Rcd3 Nd5 37.Rxd5 cxd5 38.Bxg6 Rc1+ 39.Kh2 fxg6 40.Qxg6+ Kf8
41.Qxh6+ Ke7 42.Qg7+ Ke8 43.Qg8+ Kd7 44.Qxa8 Qc7 45.Qf8 Kc6 46.Qe8+ Kd6 
47.Re3 Rc2 48.Qxe6+ Kc5+ 49.Re5 1-0

[Event "39th WCh U20 Girls"]
[Site "Mexico City MEX"]
[Date "2023.09.27"]
[Round "7.2"]
[White "Krasteva, Beloslava"]
[Black "Mkrtchian, Mariam"]
[Result "1-0"]
[WhiteElo "2223"]
[BlackElo "2343"]
[EventDate "2023.09.21"]
[PlyCount "91"]

1.d4 Nf6 2.c4 e6 3.Nc3 Bb4 4.e3 O-O 5.Bd3 d5 6.a3 Bxc3+ 7.bxc3 dxc4 8.Bxc4
c5 9.Ne2 Qc7 10.Qd3 Nc6 11.O-O e5 12.Ba2 b6 13.Bb2 Bb7 14.Ng3 Rad8 15.Rfd1
Ne7 16.Rac1 Ng6 17.f3 Bd5 18.c4 Be6 19.d5 Bc8 20.Bb1 Rfe8 21.Qc3 Re7 22.f4
exf4 23.Ne4 Rxe4 24.Bxe4 Re8 25.Bxg6 fxg6 26.exf4 Qxf4 27.Rf1 Qd6 28.Rce1 
Rf8 29.Qe5 Qd7 30.Qg5 Qd8 31.Qe5 Ba6 32.Qe6+ Rf7 33.d6 Kf8 34.Rf3 Bc8 35.
Qe5 Ba6 36.Rf4 h6 37.h4 Qd7 38.Rd1 Kg8 39.Qe2 g5 40.hxg5 hxg5 41.Rf3 b5 
42.Bxf6 gxf6 43.Re3 Kf8 44.Qh5 Rh7 45.Qxh7 Qxh7 46.d7 1-0

[Event "39th WCh U20 Girls"]
[Site "Mexico City MEX"]
[Date "2023.09.27"]
[Round "7.3"]
[White "Bommini, Mounika Akshaya"]
[Black "Francisco, Candela"]
[Result "1/2-1/2"]
[WhiteElo "2096"]
[BlackElo "2345"]
[EventDate "2023.09.21"]
[PlyCount "154"]

1.d4 Nf6 2.c4 e6 3.Nc3 Bb4 4.f3 Ba5 5.e4 d5 6.e5 Nfd7 7.f4 c5 8.Nf3 Nc6 9.
Be3 cxd4 10.Nxd4 O-O 11.cxd5 exd5 12.Be2 Qh4+ 13.g3 Qh3 14.Bf1 Qh6 15.Qf3 
Re8 16.Kf2 Bb6 17.Rd1 Nxd4 18.Bxd4 Bxd4+ 19.Rxd4 Qb6 20.Qe3 Nf6 21.h3 
Qxb2+ 22.Qd2 Qxd2+ 23.Rxd2 Ne4+ 24.Nxe4 dxe4 25.Ke3 Be6 26.Kxe4 Rac8 27.f5
Bc4 28.Bxc4 Rxc4+ 29.Kf3 Rc5 30.Rb1 b5 31.Rd7 a5 32.Ra7 b4 33.Re1 f6 34.
Rd1 Rcxe5 35.Rdd7 Rxf5+ 36.Kg2 Rg5 37.h4 Rg4 38.Kf3 h5 39.Rxa5 Rc4 40.Raa7
Rg4 41.Ra5 Re1 42.Rxh5 Rc4 43.Rhd5 Ra1 44.Rd2 Rc3+ 45.Kg4 Kh7 46.R7d4 Kg6 
47.Kh3 Rb1 48.Rg4+ Kh6 49.Rd8 g5 50.hxg5+ fxg5 51.Rh8+ Kg7 52.Rb8 Rh1+ 53.
Kg2 Ra1 54.Rxg5+ Kf6 55.Ra5 Ra3 56.Rb6+ Kg7 57.Rg5+ Kf7 58.Rxb4 R1xa2+ 59.
Kh3 Ra4 60.Rb7+ Kf6 61.Rgg7 Ra1 62.Rbf7+ Ke6 63.Rf2 Rh1+ 64.Kg2 Raa1 65.
Rg6+ Ke7 66.Rg7+ Ke6 67.Rg6+ Ke7 68.Rg5 Ke6 69.Re2+ Kf6 70.Rb5 Rag1+ 71.
Kf3 Rh3 72.Rg2 Rxg2 73.Kxg2 Rh8 74.g4 Kg6 75.Kg3 Rc8 76.Ra5 Rb8 77.Ra6+ 
Kg5 1/2-1/2